| 000 | 01066nam a2200229Ia 4500 | ||
|---|---|---|---|
| 999 |
_c51003 _d51003 |
||
| 001 | 17960 | ||
| 003 | GE_BSU | ||
| 005 | 20200302113847.0 | ||
| 008 | 181216s1973ge xx |||||||||||||| ||geo|| | ||
| 040 | _cGE_BSU | ||
| 041 | _ageo | ||
| 080 | _a811.353.1მ-59 | ||
| 245 |
_aმეტყველების ანალიზის საკითხები : _bIV. ტ. 4 : Вопросы анализа речи / _cრედ. ჯ.ჯაფარიძე. |
||
| 264 |
_aთბილისი : _bმეცნიერება, _c1973. |
||
| 300 |
_a160 გვ.: _c26 სმ. |
||
| 546 | _aზოგიერთი სტატია და რეზ. რუს. ენ | ||
| 653 | _aВопросы анализа речи | ||
| 653 | _aმეტყველების ანალიზი; ქართული ენის ფონეტიკა | ||
| 653 | _aმეტყველების ანალიზის საკითხები | ||
| 700 |
_aჯაფარიძე, ჯ _eრედაქტორი _97400 |
||
| 942 |
_cBK _2udc |
||